Les villes des Etats Unis dans le titre de films ou de séries TV - Statistiques

Statistiques générales
  • Ce quiz a été pris 1 668 fois
  • Le résultat moyen est 8 sur 16
Statistiques - réponses
Titre Ville % Correct
Gangs of .... New York
92%
Alerte à .... Malibu
91%
Deux flics à ... Miami
91%
.... Fire Chicago
77%
La loi de ... Los Angeles
71%
Nuits blanches à .... Seattle
67%
L'étrangleur de .... Boston
63%
Les rues de ... San Francisco
58%
Complot à ... Dallas
42%
Sur la route de .... Madison
40%
Dernières heures à ... Denver
29%
.... 1-8-7 Detroit
27%
Hôtel .... Baltimore
12%
... Beach Newport
11%
Hot in ... Cleveland
8%
Les mystères de .... Haven
1%
Aucun quiz correspondant
Distribution des résultats
% des personnes avec chaque résultat
Percentile par nombre de réponses
Votre historique - résultats
Vous n’avez pas pris ce quiz